000 01094cam a22003617a 4500
001 5621
003 FISKH
005 20250731083250.0
008 090813s2007 ctua j 000 1 eng d
010 _a 2009455867
020 _a9781592497461 (board bk.)
020 _a1592497462 (board bk.)
040 _aBTCTA
_cBTCTA
_dIHI
_dDLC
_beng
050 _aPZ10.O27
082 _a419
100 1 _aGalvin, Laura Gates,
_d1963-
245 1 0 _aBaby lamb finds a friend /
_cLaura Gates Galvin.
260 _aNorwalk, Conn. :
_bSoundprints,
_c2007.
300 _a14 unnumbered pages :
_ccolor illustrations ;
_c19 cm
490 1 _aBaby animals
505 _aF
520 _aBaby Lamb and a new friend enjoy a day of fun and games.
521 8 _a300
_bLexile estimate
521 8 _aF
_bRaz-Plus
650 0 _aLambs
_vJuvenile fiction.
650 0 _aPlay
_vJuvenile fiction.
650 1 _aSheep
_vFiction.
650 1 _aAnimals
_xInfancy
_vFiction.
650 1 _aPlay
_vFiction.
906 _a7
_bcbc
_ccopycat
_d2
_encip
_f20
_gy-gencatlg
942 _2ddc
_cBK
_n0
999 _c5621
_d5621